00430nam a2200181Ia 4500008004100000020001800041050001400059100001800073245002000091245002100111260001400132260001300146260000900159300001500168300002800183300001000211300002700221170918s9999 xx 000 0 und d a9780746099858 bF527 2007 aFirth, Rachel aJulius Caesar / cby Rachel Firth. aEngland : bUsborne, c2007 a64 pages : bcolored illustrations ; c20cm. eUsborne young reading.